| 000 | 00394nam a22001337a 4500 | ||
|---|---|---|---|
| 020 | _a9788120345942 | ||
| 082 |
_a624.18341 _bGHO/AN |
||
| 100 |
_aKaruna Moy Ghosh _9264 |
||
| 245 | _aAnalysis and Design Practice of Hydraulic Concrete Structures | ||
| 250 | _a2 | ||
| 260 |
_aDelhi _bPHL Learning Private Limited _c2013 |
||
| 300 | _a166 | ||
| 942 | _cBK | ||
| 999 |
_c14203 _d14203 |
||